| 000 | 00495 a2200157 4500 | ||
|---|---|---|---|
| 999 |
_c3846 _d3846 |
||
| 020 | _a9780415993128 | ||
| 050 | _aP 96 HAR 2009 | ||
| 100 |
_aHarris, Richard Jackson _eauthor |
||
| 245 |
_aA cognitive psychology of mass communication / _cRichard Jackson Harris |
||
| 250 | _a5th ed. | ||
| 264 |
_aNew York: _bRoutledge, _c2009 |
||
| 300 | _a463p. | ||
| 500 | _aIncludes bibliographical references and index | ||
| 650 |
_aMass media _xpsychological aspects |
||
| 942 |
_2lcc _cBK _e5th ed. _h96 _iHAR _kP |
||